000 02766nam a2200313 4500
001 179085
003 ES-MaACL
005 20250415063103.0
008 110906s2009 sp |||| |bspa d
020 _a978-84-96756-69-4
080 _a1 Zambrano, María
080 _a929 Zambrano, María
100 1 _aBlanco, Rogelio.
_929204
245 1 0 _aMaría Zambrano :
_bla dama peregrina : [un acercamiento a su figura con textos inéditos de la filósofa] /
_cRogelio Blanco.
250 _a1ª ed.
260 _a[Córdoba] :
_bBerenice,
_c2009.
300 _a201 p. ;
_c23 cm.
490 1 _aEnsayo
500 _aCronología.
504 _aBibliografía: p. [165]-167.
520 _aEste acercamiento a la biografía y pensamiento de María Zambrano alumbra la figura de la filósofa malagueña, quizás excesivamente afectada por las sombras del olvido, el exilio, la intelectualidad filosófica... El autor, promotor de muchas de las ediciones de su obra, realiza un fresco reflexivo motivado por la fortuna de compartir los últimos años de la vida de la filósofa y de contribuir a la difusión de gran parte de su obra. También pretende este texto ahondar en aquellos aspectos que han podido quedar desdibujados en las distintas y numerosas aportaciones sobre Zambrano aparecidas en los últimos años, y que, en opinión del autor, resultan ampliamente relevantes. Así, las reflexiones de la cultura sobre la esperanza o sus aportaciones al pensamiento político, concretamente sobre la democracia, y ese brillante último capítulo encaminado a subrayar, entre otras facetas reconocidas, una que se suele obviar, como es la ?pictórica?. Rogelio Blanco en un esfuerzo de claridad, aúna la biografía de la filósofa y los procesos y dinámica intelectuales, vinculando consideraciones biográfico-intelectuales de la autora con otros aspectos como la crisis de Occidente o la esperanza radical que puede salvar al hombre. El cierre de este libro lo componen varios textos inéditos de Zambrano que resultan muy oportunos para ilustrar buena parte del contenido de este ensayo. Han sido seleccionados de la sección de manuscritos existentes en la Fundación homónima de la filósofa, sita en Vélez- Málaga, y responden a contenidos que se reflejan en obras mayores, pero resultan iluminadores debido precisamente a la frescura de lo inédito y, sobre todo, de su estado embrionario frente a esos otros textos más definitivos.
600 1 4 _aZambrano, María,
_d1904-1991
_9117914
700 1 _aZambrano, María,
_d1904-1991
_9117914
830 1 _aEnsayo
_9177699
852 4 _aES-MaACL
_9185954
_bR.145895
_jA-11472
_dOlim: N-4476
_cDEPO1
942 _2udc
_cMONOGRAFIA
999 _c179085
_d179085